ბათუმის შოთა რუსთაველის სახელმწიფო უნივერსიტეტის ბიბლიოთეკა

სამეურნეო გამოანგარიშება კალკულიაციის საფუძველებით / (ბიბ.ჩანაწერი № 63564)

000 -ლიდერი
ფიქსირებული სიგრძის საკონტროლო ველი 00920nam a22001937a 4500
003 - საკონტროლო ნომრის იდენტიფიკატორი
საკონტროლო ველი Ge_BSU
005 - ბოლო ოპერაციის თარიღი და დრო
საკონტროლო ველი 20251031134551.0
008 - ფიქსირებული სიგრძის მონაცემთა ელემენტები - ზოგადი ინფორმაცია
ფიქსირებული სიგრძის საკონტროლო ველი 251031s1937 ge ||||| |||| 00| 0 geo d
041 ## - ენის კოდი
Language code of text/sound track or separate title geo
080 ## - უნივერსალური ათობითი კლასიფიკაციის ინდექსი
Universal Decimal Classification number 657.1:338 ლ-21
100 ## - მთავარი ჩანაწერი - პიროვნების სახელი
Personal name ლანდია, პ.ს.
9 (RLIN) 26144
245 ## - ცნობა სათაურის შესახებ
Title სამეურნეო გამოანგარიშება კალკულიაციის საფუძველებით /
Statement of responsibility, etc პ.ს. ლანდია.
264 ## - წარმოების, გამოცემის, დისტრიბუციის და სხვა ცნობები
გამოცემის, წარმოების, დისტრიბუციის... ადგილი თბ. :
გამოცემის, წარმოების, დისტრიბუციის... სახელწოდება ტექნიკა და შრომას გამომც. და სტ.,
გამოცემის, წარმოების, დისტრიბუციის... თარიღი 1937.
300 ## - ფიზიკური აღწერა
Extent 352გვ. :
Other physical details ილ. და ნახ. ;
Dimensions 22სმ.
504 ## - BIBLIOGRAPHY, ETC. NOTE
Bibliography, etc ბიბლიოგრაფია: ლიტერატურა (გვ. 345-346).
653 ## - INDEX TERM--UNCONTROLLED
Uncontrolled term სამეურნეო გამოანგარიშება
653 ## - INDEX TERM--UNCONTROLLED
Uncontrolled term კალკულაცია
942 ## - ADDED ENTRY ELEMENTS (KOHA)
Source of classification or shelving scheme
Koha item type წიგნი
ეგზემპლარები
ჩამოწერის სტატუსი დაკარგული ეგზემპლარის სტატუსი კლასიფიკაციის წყარო ან თაროზე გაწყობის სქემა დაზიანების სტატუსი არ გაიცემა მუდმივი მდებარეობა (დაცვის ადგილი) ამჟამინდელი ადგილსამყოფელი თაროზე განთავსების ადგილი შეძენის თარიღი ღირებულება, შესყიდვის ნორმალური ფასი სრული შენახვის შიფრი შტრიხკოდი ბოლო ოპერაციის თარიღი ეგზემპლარის მიმდევრობითი ნომერი (კეტერი?) ფასის ძალაში შესვლის თარიღი ეგზემპლარის სახეობა საჯარო შენიშვნა
          ბათუმის შოთა რუსთაველის სახელმწიფო უნივერსიტეტის მთავარი ბიბლიოთეკა ბათუმის შოთა რუსთაველის სახელმწიფო უნივერსიტეტის მთავარი ბიბლიოთეკა წიგნსაცავი 2025-10-31 4.00 657.1:338 ლ-21 72885 2025-10-31 72885 2025-10-31 წიგნი 4 ლ.
          ბათუმის შოთა რუსთაველის სახელმწიფო უნივერსიტეტის მთავარი ბიბლიოთეკა ბათუმის შოთა რუსთაველის სახელმწიფო უნივერსიტეტის მთავარი ბიბლიოთეკა წიგნსაცავი 2025-11-04 2.60 657.1:338 ლ-21 72919 2025-11-04 72919 2025-11-04 წიგნი 2 ლ. 60 თ.